| 000 | 01152cad a22002175a 4500 | ||
|---|---|---|---|
| 001 | L156784 | ||
| 008 | 120716u2012 xxk g 000 0 eng d | ||
| 035 | _a(Sirsi) u156784 | ||
| 041 | 0 | _aeng | |
| 110 | 2 |
_aUnited Kingdom _bCabinet Office _95270 |
|
| 245 | 0 | 0 |
_aGovernment construction strategy _bone year on report and action plan update, July 2012 _h[electronic resource] |
| 520 | _aOne year on from the launch of the Government Construction Strategy (the Strategy), this publication takes stock of progress to date against the targets it set for reducing the costs of construction to Government, for the reform of the industry and for fostering innovation and growth. Overview, report and action plan update; new procurement models. | ||
| 590 | _aKA NTK | ||
| 651 | 4 |
_aUnited Kingdom _y |
|
| 690 |
_aConstruction management _96230 |
||
| 690 |
_aCost management _96233 |
||
| 690 |
_aProcurement _96260 |
||
| 690 |
_aBIM _96219 |
||
| 856 | 4 | 0 |
_uhttps://www.gov.uk/government/uploads/system/uploads/attachment_data/file/61151/GCS-One-Year-On-Report-and-Action-Plan-Update-FINAL_0.pdf _zView the final report free of charge at www.gov.uk |
| 942 | _n0 | ||
| 999 |
_c120987 _d120987 |
||